All Birds of the Contiguous United States (Hard) - Statistics

General Stats
  • This quiz has been taken 554 times
  • The average score is 110 of 633
Answer Stats
Group Anatidae % Correct
Accipitridae Bald Eagle
80%
Cardinalidae Northern Cardinal
72%
Corvidae Blue Jay
70%
Turdidae American Robin
67%
Phasianidae Wild Turkey
55%
Accipitridae Golden Eagle
54%
Anatidae Mallard
52%
Tytonidae Barn Owl
49%
Cathartidae California Condor
47%
Falconidae Peregrine Falcon
45%
Accipitridae Red-tailed Hawk
45%
Anatidae Canada Goose
42%
Strigidae Great Horned Owl
42%
Cathartidae Turkey Vulture
41%
Mimidae Northern Mockingbird
39%
Pandionidae Osprey
39%
Corvidae American Crow
36%
Sturnidae European Starling
36%
Ardeidae Great Blue Heron
36%
Columbidae Mourning Dove
35%
Cuculidae Greater Roadrunner
34%
Phasianidae Ring-necked Pheasant
34%
Strigidae Snowy Owl
34%
Corvidae Common Raven
32%
Passeridae House Sparrow
32%
Strigidae Barred Owl
31%
Columbidae Rock Pigeon
31%
Falconidae American Kestrel
30%
Pelecanidae American White Pelican
30%
Icteridae Baltimore Oriole
30%
Hirundinidae Barn Swallow
30%
Pelecanidae Brown Pelican
30%
Gaviidae Common Loon
30%
Accipitridae Cooper's Hawk
30%
Anatidae Redhead
30%
Icteridae Red-winged Blackbird
30%
Anatidae Wood Duck
30%
Trochilidae Ruby-throated Hummingbird
29%
Ciconiidae Wood Stork
29%
Paridae Black-capped Chickadee
28%
Fringillidae House Finch
28%
Psittacidae Monk Parakeet
28%
Threskiornithidae Roseate Spoonbill
28%
Gruidae Sandhill Crane
28%
Anatidae Snow Goose
28%
Anatidae Trumpeter Swan
28%
Cathartidae Black Vulture
27%
Bombycillidae Cedar Waxwing
27%
Anatidae Mute Swan
27%
Picidae Pileated Woodpecker
27%
Ardeidae Snowy Egret
27%
Gruidae Whooping Crane
27%
Anhingidae Anhinga
26%
Picidae Downy Woodpecker
26%
Ardeidae Green Heron
26%
Accipitridae Sharp-shinned Hawk
26%
Paridae Tufted Titmouse
26%
Rallidae American Coot
25%
Fringillidae American Goldfinch
25%
Anatidae Blue-winged Teal
25%
Strigidae Burrowing Owl
25%
Turdidae Eastern Bluebird
25%
Ardeidae Great Egret
25%
Anatidae Green-winged Teal
25%
Charadriidae Killdeer
25%
Falconidae Merlin
25%
Picidae Red-headed Woodpecker
25%
Accipitridae Red-shouldered Hawk
25%
Sulidae Blue-footed Booby
24%
Anatidae Canvasback
24%
Anatidae Cinnamon Teal
24%
Anatidae Common Merganser
24%
Phalacrocoracidae Double-crested Cormorant
24%
Strigidae Eastern Screech-Owl
24%
Mimidae Gray Catbird
24%
Picidae Hairy Woodpecker
24%
Alaudidae Horned Lark
24%
Fringillidae Purple Finch
24%
Corvidae Steller's Jay
24%
Trochilidae Anna's Hummingbird
23%
Anatidae Brant
23%
Anatidae Bufflehead
23%
Anatidae Cackling Goose
23%
Odontophoridae California Quail
23%
Paridae Carolina Chickadee
23%
Apodidae Chimney Swift
23%
Corvidae Fish Crow
23%
Strigidae Great Gray Owl
23%
Laridae Herring Gull
23%
Anatidae Hooded Merganser
23%
Troglodytidae House Wren
23%
Fregatidae Magnificent Frigatebird
23%
Picidae Northern Flicker
23%
Anatidae Northern Pintail
23%
Picidae Red-bellied Woodpecker
23%
Vireonidae Red-eyed Vireo
23%
Picidae Yellow-bellied Sapsucker
23%
Parulidae Yellow Warbler
23%
Anatidae American Black Duck
22%
Alcidae Atlantic Puffin
22%
Troglodytidae Carolina Wren
22%
Icteridae Common Grackle
22%
Cardinalidae Indigo Bunting
22%
Laridae Laughing Gull
22%
Anatidae Lesser Scaup
22%
Odontophoridae Northern Bobwhite
22%
Anatidae Northern Shoveler
22%
Podicipedidae Pied-billed Grebe
22%
Hirundinidae Purple Martin
22%
Laridae Ring-billed Gull
22%
Anatidae Ring-necked Duck
22%
Anatidae Tundra Swan
22%
Turdidae Western Bluebird
22%
Strigidae Western Screech-Owl
22%
Laridae Arctic Tern
21%
Alcedinidae Belted Kingfisher
21%
Ardeidae Black-crowned Night-Heron
21%
Laridae California Gull
21%
Ardeidae Cattle Egret
21%
Hirundinidae Cliff Swallow
21%
Tyrannidae Eastern Kingbird
21%
Caprimulgidae Eastern Whip-poor-will
21%
Anatidae Greater Scaup
21%
Ardeidae Little Blue Heron
21%
Anatidae Red-breasted Merganser
21%
Anatidae Ruddy Duck
21%
Phasianidae Ruffed Grouse
21%
Trochilidae Rufous Hummingbird
21%
Passerellidae Song Sparrow
21%
Strigidae Spotted Owl
21%
Hirundinidae Tree Swallow
21%
Ardeidae Tricolored Heron
21%
Threskiornithidae White Ibis
21%
Cuculidae Yellow-billed Cuckoo
21%
Recurvirostridae American Avocet
20%
Anatidae American Wigeon
20%
Scolopacidae American Woodcock
20%
Anatidae Black-bellied Whistling-Duck
20%
Cuculidae Black-billed Cuckoo
20%
Bombycillidae Bohemian Waxwing
20%
Accipitridae Broad-winged Hawk
20%
Icteridae Brown-headed Cowbird
20%
Corvidae Canada Jay
20%
Anatidae Common Goldeneye
20%
Caprimulgidae Common Nighthawk
20%
Parulidae Common Yellowthroat
20%
Tyrannidae Eastern Phoebe
20%
Anatidae Gadwall
20%
Threskiornithidae Glossy Ibis
20%
Anatidae Greater White-fronted Goose
20%
Falconidae Gyrfalcon
20%
Turdidae Hermit Thrush
20%
Scolopacidae Lesser Yellowlegs
20%
Turdidae Mountain Bluebird
20%
Accipitridae Northern Goshawk
20%
Accipitridae Northern Harrier
20%
Strigidae Northern Saw-whet Owl
20%
Charadriidae Piping Plover
20%
Sittidae Red-breasted Nuthatch
20%
Psittacidae Red-crowned Parrot
20%
Gaviidae Red-throated Loon
20%
Anatidae Ross's Goose
20%
Scolopacidae Sanderling
20%
Cardinalidae Scarlet Tanager
20%
Anatidae Surf Scoter
20%
Accipitridae Swainson's Hawk
20%
Rallidae Virginia Rail
20%
Tyrannidae Western Kingbird
20%
Sittidae White-breasted Nuthatch
20%
Ardeidae Yellow-crowned Night-Heron
20%
Parulidae American Redstart
19%
Anatidae Barrow's Goldeneye
19%
Corvidae Black-billed Magpie
19%
Recurvirostridae Black-necked Stilt
19%
Anatidae Black Scoter
19%
Mimidae Brown Thrasher
19%
Troglodytidae Cactus Wren
19%
Podicipedidae Clark's Grebe
19%
Anatidae Common Eider
19%
Rallidae Common Gallinule
19%
Passerellidae Dark-eyed Junco
19%
Scolopacidae Dunlin
19%
Anatidae Fulvous Whistling-Duck
19%
Phasianidae Greater Prairie-Chicken
19%
Phasianidae Greater Sage-Grouse
19%
Scolopacidae Greater Yellowlegs
19%
Scolopacidae Least Sandpiper
19%
Strigidae Long-eared Owl
19%
Anatidae Long-tailed Duck
19%
Accipitridae Mississippi Kite
19%
Sulidae Northern Gannet
19%
Parulidae Northern Parula
19%
Gaviidae Pacific Loon
19%
Cardinalidae Painted Bunting
19%
Falconidae Prairie Falcon
19%
Charadriidae Semipalmated Plover
19%
Strigidae Short-eared Owl
19%
Turdidae Swainson's Thrush
19%
Podicipedidae Western Grebe
19%
Passerellidae White-crowned Sparrow
19%
Vireonidae White-eyed Vireo
19%
Columbidae White-winged Dove
19%
Turdidae Wood Thrush
19%
Picidae Acorn Woodpecker
18%
Ardeidae American Bittern
18%
Parulidae Black-and-white Warbler
18%
Charadriidae Black-bellied Plover
18%
Parulidae Black-throated Green Warbler
18%
Cardinalidae Blue Grosbeak
18%
Certhiidae Brown Creeper
18%
Corvidae California Scrub-Jay
18%
Laridae Caspian Tern
18%
Parulidae Cerulean Warbler
18%
Corvidae Chihuahuan Raven
18%
Passerellidae Chipping Sparrow
18%
Accipitridae Common Black Hawk
18%
Alcidae Common Murre
18%
Laridae Common Tern
18%
Strigidae Elf Owl
18%
Laridae Franklin's Gull
18%
Laridae Glaucous Gull
18%
Regulidae Golden-crowned Kinglet
18%
Phalacrocoracidae Great Cormorant
18%
Corvidae Green Jay
18%
Podicipedidae Horned Grebe
18%
Anatidae King Eider
18%
Rallidae King Rail
18%
Troglodytidae Marsh Wren
18%
Paridae Mountain Chickadee
18%
Strigidae Northern Pygmy-Owl
18%
Rallidae Purple Gallinule
18%
Alcidae Razorbill
18%
Cardinalidae Rose-breasted Grosbeak
18%
Accipitridae Rough-legged Hawk
18%
Regulidae Ruby-crowned Kinglet
18%
Tyrannidae Scissor-tailed Flycatcher
18%
Calcariidae Snow Bunting
18%
Rallidae Sora
18%
Accipitridae Swallow-tailed Kite
18%
Passerellidae White-throated Sparrow
18%
Anatidae White-winged Scoter
18%
Scolopacidae Willet
18%
Scolopacidae Wilson's Snipe
18%
Troglodytidae Winter Wren
18%
Icteriidae Yellow-breasted Chat
18%
Charadriidae American Golden-Plover
17%
Haematopodidae American Oystercatcher
17%
Hirundinidae Bank Swallow
17%
Haematopodidae Black Oystercatcher
17%
Tyrannidae Black Phoebe
17%
Parulidae Black-throated Blue Warbler
17%
Icteridae Boat-tailed Grackle
17%
Laridae Bonaparte's Gull
17%
Strigidae Boreal Owl
17%
Sulidae Brown Booby
17%
Corvidae Clark's Nutcracker
17%
Falconidae Crested Caracara
17%
Tyrannidae Eastern Wood-Pewee
17%
Trogonidae Elegant Trogon
17%
Columbidae Eurasian Collared-Dove
17%
Accipitridae Ferruginous Hawk
17%
Corvidae Florida Scrub-Jay
17%
Laridae Forster's Tern
17%
Laridae Great Black-backed Gull
17%
Tyrannidae Great Crested Flycatcher
17%
Accipitridae Harris's Hawk
17%
Columbidae Inca Dove
17%
Ardeidae Least Bittern
17%
Laridae Lesser Black-backed Gull
17%
Phasianidae Lesser Prairie-Chicken
17%
Scolopacidae Long-billed Curlew
17%
Hirundinidae Northern Rough-winged Swallow
17%
Parulidae Ovenbird
17%
Parulidae Pine Warbler
17%
Fringillidae Red Crossbill
17%
Ardeidae Reddish Egret
17%
Podicipedidae Red-necked Grebe
17%
Scolopacidae Ruddy Turnstone
17%
Passerellidae Savannah Sparrow
17%
Tyrannidae Say's Phoebe
17%
Scolopacidae Semipalmated Sandpiper
17%
Accipitridae Snail Kite
17%
Charadriidae Snowy Plover
17%
Scolopacidae Spotted Sandpiper
17%
Parulidae Tennessee Warbler
17%
Alcidae Tufted Puffin
17%
Vireonidae Warbling Vireo
17%
Icteridae Western Meadowlark
17%
Threskiornithidae White-faced Ibis
17%
Corvidae Yellow-billed Magpie
17%
Icteridae Yellow-headed Blackbird
17%
Parulidae Yellow-rumped Warbler
17%
Tyrannidae Alder Flycatcher
16%
Parulidae Blackburnian Warbler
16%
Trochilidae Black-chinned Hummingbird
16%
Rallidae Black Rail
16%
Laridae Black Tern
16%
Polioptilidae Blue-gray Gnatcatcher
16%
Trochilidae Calliope Hummingbird
16%
Troglodytidae Canyon Wren
16%
Rallidae Clapper Rail
16%
Podicipedidae Eared Grebe
16%
Icteridae Eastern Meadowlark
16%
Passerellidae Eastern Towhee
16%
Passeridae Eurasian Tree Sparrow
16%
Fringillidae Evening Grosbeak
16%
Laridae Glaucous-winged Gull
16%
Phasianidae Gray Partridge
16%
Alcedinidae Green Kingfisher
16%
Anatidae Harlequin Duck
16%
Alcidae Horned Puffin
16%
Laridae Iceland Gull
16%
Laridae Least Tern
16%
Fringillidae Lesser Goldfinch
16%
Laniidae Loggerhead Shrike
16%
Parulidae Louisiana Waterthrush
16%
Phalacrocoracidae Neotropic Cormorant
16%
Strigidae Northern Hawk Owl
16%
Phalacrocoracidae Pelagic Cormorant
16%
Passerellidae Spotted Towhee
16%
Cardinalidae Summer Tanager
16%
Turdidae Veery
16%
Hirundinidae Violet-green Swallow
16%
Cardinalidae Western Tanager
16%
Scolopacidae Whimbrel
16%
Accipitridae White-tailed Kite
16%
Tyrannidae Willow Flycatcher
16%
Phasianidae Willow Ptarmigan
16%
Passerellidae American Tree Sparrow
15%
Scolopacidae Baird's Sandpiper
15%
Troglodytidae Bewick's Wren
15%
Laridae Black Skimmer
15%
Vireonidae Blue-headed Vireo
15%
Paridae Boreal Chickadee
15%
Phalacrocoracidae Brandt's Cormorant
15%
Sittidae Brown-headed Nuthatch
15%
Aegithalidae Bushtit
15%
Parulidae Cape May Warbler
15%
Hirundinidae Cave Swallow
15%
Parulidae Chestnut-sided Warbler
15%
Caprimulgidae Chuck-will's-widow
15%
Phasianidae Chukar
15%
Columbidae Common Ground Dove
15%
Caprimulgidae Common Poorwill
15%
Alcidae Dovekie
15%
Anatidae Eurasian Wigeon
15%
Passerellidae Fox Sparrow
15%
Turdidae Gray-cheeked Thrush
15%
Icteridae Great-tailed Grackle
15%
Parulidae Kentucky Warbler
15%
Picidae Ladder-backed Woodpecker
15%
Calcariidae Lapland Longspur
15%
Cardinalidae Lazuli Bunting
15%
Tyrannidae Least Flycatcher
15%
Aramidae Limpkin
15%
Passerellidae Lincoln’s Sparrow
15%
Scolopacidae Long-billed Dowitcher
15%
Cuculidae Mangrove Cuckoo
15%
Anatidae Mottled Duck
15%
Parulidae Nashville Warbler
15%
Laniidae Northern Shrike
15%
Parulidae Northern Waterthrush
15%
Icteridae Orchard Oriole
15%
Troglodytidae Pacific Wren
15%
Parulidae Palm Warbler
15%
Stercorariidae Parasitic Jaeger
15%
Alcidae Pigeon Guillemot
15%
Fringillidae Pine Siskin
15%
Sulidae Red-footed Booby
15%
Troglodytidae Rock Wren
15%
Odontophoridae Scaled Quail
15%
Troglodytidae Sedge Wren
15%
Scolopacidae Short-billed Dowitcher
15%
Turdidae Townsend's Solitaire
15%
Turdidae Varied Thrush
15%
Apodidae Vaux's Swift
15%
Laridae Western Gull
15%
Scolopacidae Western Sandpiper
15%
Tyrannidae Western Wood-Pewee
15%
Charadriidae Wilson's Plover
15%
Parulidae Wilson’s Warbler
15%
Parulidae Worm-eating Warbler
15%
Rallidae Yellow Rail
15%
Accipitridae Zone-tailed Hawk
15%
Tyrannidae Acadian Flycatcher
14%
Cinclidae American Dipper
14%
Picidae American Three-toed Woodpecker
14%
Falconidae Aplomado Falcon
14%
Columbidae Band-tailed Pigeon
14%
Cardinalidae Black-headed Grosbeak
14%
Laridae Black-headed Gull
14%
Laridae Black-legged Kittiwake
14%
Parulidae Blackpoll Warbler
14%
Apodidae Black Swift
14%
Parulidae Blue-winged Warbler
14%
Icteridae Brewer’s Blackbird
14%
Icteridae Bullock’s Oriole
14%
Fringillidae Cassin's Finch
14%
Paridae Chestnut-backed Chickadee
14%
Cardinalidae Dickcissel
14%
Anatidae Emperor Goose
14%
Strigidae Flammulated Owl
14%
Odontophoridae Gambel's Quail
14%
Picidae Gila Woodpecker
14%
Picidae Gilded Flicker
14%
Passerellidae Grasshopper Sparrow
14%
Cuculidae Groove-billed Ani
14%
Scolopacidae Hudsonian Godwit
14%
Paridae Juniper Titmouse
14%
Podicipedidae Least Grebe
14%
Caprimulgidae Lesser Nighthawk
14%
Picidae Lewis's Woodpecker
14%
Laridae Little Gull
14%
Scolopacidae Marbled Godwit
14%
Corvidae Mexican Jay
14%
Anatidae Muscovy Duck
14%
Scolopacidae Pectoral Sandpiper
14%
Vireonidae Philadelphia Vireo
14%
Fringillidae Pine Grosbeak
14%
Parulidae Prairie Warbler
14%
Scolopacidae Purple Sandpiper
14%
Sittidae Pygmy Nuthatch
14%
Cardinalidae Pyrrhuloxia
14%
Scolopacidae Red Knot
14%
Picidae Red-naped Sapsucker
14%
Alcedinidae Ringed Kingfisher
14%
Laridae Royal Tern
14%
Icteridae Rusty Blackbird
14%
Laridae Sandwich Tern
14%
Passerellidae Seaside Sparrow
14%
Cuculidae Smooth-billed Ani
14%
Scolopacidae Solitary Sandpiper
14%
Phasianidae Sooty Grouse
14%
Phasianidae Spruce Grouse
14%
Passerellidae Swamp Sparrow
14%
Icteridae Tricolored Blackbird
14%
Scolopacidae White-rumped Sandpiper
14%
Trochilidae Allen's Hummingbird
13%
Picidae Arizona Woodpecker
13%
Tyrannidae Ash-throated Flycatcher
13%
Picidae Black-backed Woodpecker
13%
Alcidae Black Guillemot
13%
Parulidae Black-throated Gray Warbler
13%
Muscicapidae Bluethroat
13%
Trochilidae Broad-tailed Hummingbird
13%
Parulidae Canada Warbler
13%
Trochilidae Costa's Hummingbird
13%
Mimidae Curve-billed Thrasher
13%
Phasianidae Dusky Grouse
13%
Passerellidae Field Sparrow
13%
Parulidae Golden-winged Warbler
13%
Passerellidae Lark Bunting
13%
Diomedeidae Laysan Albatross
13%
Parulidae Magnolia Warbler
13%
Tyrannidae Olive-sided Flycatcher
13%
Parulidae Orange-crowned Warbler
13%
Parulidae Painted Redstart
13%
Ptiliogonatidae Phainopepla
13%
Corvidae Pinyon Jay
13%
Stercorariidae Pomarine Jaeger
13%
Picidae Red-breasted Sapsucker
13%
Alcidae Rhinoceros Auklet
13%
Phasianidae Rock Ptarmigan
13%
Phasianidae Sharp-tailed Grouse
13%
Procellariidae Sooty Shearwater
13%
Anatidae Steller's Eider
13%
Tyrannidae Tropical Kingbird
13%
Remizidae Verdin
13%
Tyrannidae Vermilion Flycatcher
13%
Apodidae White-throated Swift
13%
Fringillidae White-winged Crossbill
13%
Scolopacidae Wilson's Phalarope
13%
Oceanitidae Wilson's Storm-Petrel
13%
Corvidae Woodhouse's Scrub-Jay
13%
Parulidae Bay-breasted Warbler
12%
Turdidae Bicknell's Thrush
12%
Passerellidae Black-throated Sparrow
12%
Scolopacidae Black Turnstone
12%
Icteridae Bobolink
12%
Trochilidae Broad-billed Hummingbird
12%
Icteridae Bronzed Cowbird
12%
Tyrannidae Cassin's Kingbird
12%
Passerellidae Clay-colored Sparrow
12%
Fringillidae Common Redpoll
12%
Parulidae Connecticut Warbler
12%
Tyrannidae Dusky Flycatcher
12%
Laridae Elegant Tern
12%
Passerellidae Golden-crowned Sparrow
12%
Laridae Gull-billed Tern
12%
Phasianidae Gunnison Sage-Grouse
12%
Passerellidae Harris's Sparrow
12%
Icteridae Hooded Oriole
12%
Parulidae Hooded Warbler
12%
Laridae Ivory Gull
12%
Passerellidae Lark Sparrow
12%
Stercorariidae Long-tailed Jaeger
12%
Sulidae Masked Booby
12%
Odontophoridae Montezuma Quail
12%
Charadriidae Mountain Plover
12%
Odontophoridae Mountain Quail
12%
Parulidae Mourning Warbler
12%
Procellariidae Northern Fulmar
12%
Paridae Oak Titmouse
12%
Charadriidae Pacific Golden-Plover
12%
Cracidae Plain Chachalaca
12%
Parulidae Prothonotary Warbler
12%
Picidae Red-cockaded Woodpecker
12%
Scolopacidae Red-necked Phalarope
12%
Laridae Roseate Tern
12%
Anatidae Spectacled Eider
12%
Scolopacidae Stilt Sandpiper
12%
Alcidae Thick-billed Murre
12%
Parulidae Townsend’s Warbler
12%
Scolopacidae Upland Sandpiper
12%
Passerellidae Vesper Sparrow
12%
Picidae White-headed Woodpecker
12%
Accipitridae White-tailed Hawk
12%
Picidae Williamson's Sapsucker
12%
Tyrannidae Yellow-bellied Flycatcher
12%
Vireonidae Yellow-throated Vireo
12%
Parulidae Yellow-throated Warbler
12%
Motacillidae American Pipit
11%
Vireonidae Bell's Vireo
11%
Scolopacidae Buff-breasted Sandpiper
11%
Passerellidae Cassin's Sparrow
11%
Caprimulgidae Common Pauraque
11%
Tyrannidae Couch's Kingbird
11%
Parulidae Golden-cheeked Warbler
11%
Picidae Golden-fronted Woodpecker
11%
Tyrannidae Gray Flycatcher
11%
Accipitridae Gray Hawk
11%
Passerellidae Green-tailed Towhee
11%
Tyrannidae Hammond's Flycatcher
11%
Laridae Heermann's Gull
11%
Fringillidae Lawrence’s Goldfinch
11%
Trochilidae Lucifer Hummingbird
11%
Parulidae Lucy’s Warbler
11%
Alcidae Marbled Murrelet
11%
Tyrannidae Pacific-slope Flycatcher
11%
Scolopacidae Rock Sandpiper
11%
Laridae Ross's Gull
11%
Mimidae Sage Thrasher
11%
Passerellidae Saltmarsh Sparrow
11%
Icteridae Scott’s Oriole
11%
Scolopacidae Surfbird
11%
Scolopacidae Wandering Tattler
11%
Passerellidae Yellow-eyed Junco
11%
Alcidae Ancient Murrelet
10%
Vireonidae Black-capped Vireo
10%
Paridae Black-crested Titmouse
10%
Fringillidae Black Rosy-Finch
10%
Mimidae California Thrasher
10%
Passerellidae California Towhee
10%
Vireonidae Cassin's Vireo
10%
Tyrannidae Cordilleran Flycatcher
10%
Rallidae Gray-headed Swamphen
10%
Tyrannidae Gray Kingbird
10%
Vireonidae Gray Vireo
10%
Tyrannidae Great Kiskadee
10%
Parulidae Hermit Warbler
10%
Fringillidae Hoary Redpoll
10%
Accipitridae Hook-billed Kite
10%
Passerellidae LeConte’s Sparrow
10%
Mimidae Long-billed Thrasher
10%
Picidae Nuttall's Woodpecker
10%
Peucedramidae Olive Warbler
10%
Vireonidae Plumbeous Vireo
10%
Phalacrocoracidae Red-faced Cormorant
10%
Scolopacidae Red Phalarope
10%
Laridae Sabine's Gull
10%
Laridae Short-billed Gull
10%
Accipitridae Short-tailed Hawk
10%
Parulidae Swainson's Warbler
10%
Parulidae Virginia’s Warbler
10%
Columbidae White-tipped Dove
10%
Sylviidae Wrentit
10%
Passerellidae Abert’s Towhee
9%
Icteridae Altamira Oriole
9%
Icteridae Audubon’s Oriole
9%
Passerellidae Baird's Sparrow
9%
Mimidae Bendire's Thrasher
9%
Diomedeidae Black-footed Albatross
9%
Polioptilidae Black-tailed Gnatcatcher
9%
Trochilidae Blue-throated Mountain-gem
9%
Passerellidae Brewer’s Sparrow
9%
Paridae Bridled Titmouse
9%
Tyrannidae Brown-crested Flycatcher
9%
Polioptilidae California Gnatcatcher
9%
Passerellidae Canyon Towhee
9%
Alcidae Cassin's Auklet
9%
Calcariidae Chestnut-collared Longspur
9%
Fringillidae Gray-crowned Rosy-Finch
9%
Tyrannidae Greater Pewee
9%
Cardinalidae Hepatic Tanager
9%
Vireonidae Hutton's Vireo
9%
Parulidae Kirtland’s Warbler
9%
Mimidae LeConte's Thrasher
9%
Parulidae MacGillivray’s Warbler
9%
Passerellidae Nelson’s Sparrow
9%
Tyrannidae Northern Beardless-Tyrannulet
9%
Alcidae Parakeet Auklet
9%
Parulidae Red-faced Warbler
9%
Rallidae Ridgway's Rail
9%
Icteridae Shiny Cowbird
9%
Calcariidae Smith’s Longspur
9%
Calcariidae Thick-billed Longspur
9%
Cardinalidae Varied Bunting
9%
Columbidae White-crowned Pigeon
9%
Phasianidae White-tailed Ptarmigan
9%
Columbidae African Collared-Dove
8%
Phylloscopidae Arctic Warbler
8%
Passerellidae Bachman’s Sparrow
8%
Passerellidae Black-chinned Sparrow
8%
Vireonidae Black-whiskered Vireo
8%
Fringillidae Brown-capped Rosy-Finch
8%
Trochilidae Buff-bellied Hummingbird
8%
Mimidae Crissal Thrasher
8%
Parulidae Grace’s Warbler
8%
Passerellidae Henslow’s Sparrow
8%
Passerellidae Sagebrush Sparrow
8%
Motacillidae Sprague's Pipit
8%
Passerellidae Bell’s Sparrow
7%
Passerellidae Botteri’s Sparrow
7%
Fringillidae Cassia Crossbill
7%
Passerellidae Olive Sparrow
7%
Trochilidae Rivoli's Hummingbird
7%
Passerellidae Rufous-crowned Sparrow
7%
Icteridae Spot-breasted Oriole
7%
Trochilidae Violet-crowned Hummingbird
7%
Tyrannidae Dusky-capped Flycatcher
6%
Passerellidae Rufous-winged Sparrow
6%
Tyrannidae Buff-breasted Flycatcher
5%
Hydrobatidae Fork-tailed Storm-Petrel
5%
No matching quizzes found
Score Distribution
Percent of People with Each Score
Percentile by Number Answered
Your Score History
You have not taken this quiz